| 000 | 00660nam a2200229 a 4500 | ||
|---|---|---|---|
| 008 | |||
| 020 | _a9221064387 (hbk.) | ||
| 049 | 0 | _aMAIN | |
| 050 | 0 | 0 | _aREF HB2582 INT |
| 245 | 0 | 0 |
_aInternational standard classification of occupations : _bISCO-88. |
| 250 | _a[Rev. ed. 1988]. | ||
| 260 |
_aGeneva : _bInternational Labour Office, _c1990. |
||
| 300 |
_avii, 457 p. ; _c28 cm. |
||
| 650 | 0 |
_aOccupations _xClassification. |
|
| 710 | 2 | _aInternational Labour Office. | |
| 740 | 0 | _aISCO-88. | |
| 907 |
_a.b10228123 _b30-01-07 _c30-01-07 |
||
| 003 | |||
| 005 | 20230120191427.0 | ||
| 040 | _cNUST | ||
| 942 | _cBOOKS | ||
| 999 |
_c100930 _d100930 |
||